[Event "Paracin 2018"]
[Site "Paracin, Hotel Petrus"]
[Date "2018.07.06"]
[Round "1.72"]
[White "Demirag, Gokhan"]
[Black "Matovic, Mihajlo Z"]
[Result "1/2-1/2"]
[WhiteElo "1855"]
[BlackElo "2256"]
[PlyCount "98"]
[EventDate "2018.07.06"]

1. Nf3 Nf6 2. c4 g6 3. b3 Bg7 4. Bb2 O-O 5. g3 c5 6. Bg2 d6 7. d4 Ne4 8. O-O
Nc6 9. Nbd2 Bf5 10. e3 Qa5 11. Nxe4 Bxe4 12. a3 e5 13. d5 Ne7 14. Nd2 Bxg2 15.
Kxg2 b5 16. b4 Qb6 17. Qb3 Rab8 18. Bc3 cxb4 19. axb4 Rfc8 20. Rfc1 Rb7 21. e4
Rbc7 22. Bb2 Bh6 23. f4 exf4 24. Qc3 Kf8 25. Qh8+ Ng8 26. Bd4 Qb7 27. gxf4 bxc4
28. Rxa7 Qxb4 29. Bc3 Qb6 30. Rxc7 Qxc7 31. Bf6 Qd7 32. h3 c3 33. Rxc3 Rxc3 34.
Bxc3 f6 35. Bxf6 Qf7 36. Bg5 Bxg5 37. fxg5 Qe7 38. h4 Qd7 39. Kg3 Qa7 40. Nf3
Qe3 41. Qb2 Qxe4 42. Qb8+ Kg7 43. Qxd6 Ne7 44. Qf6+ Kg8 45. Qe6+ Qxe6 46. dxe6
Nf5+ 47. Kf4 Kf8 48. h5 Ng7 49. hxg6 Nxe6+ 1/2-1/2

[Event "Paracin 2018"]
[Site "Paracin, Hotel Petrus"]
[Date "2018.07.06"]
[Round "1.73"]
[White "Bratkovic, Jakob"]
[Black "Murgul, Nenad"]
[Result "1-0"]
[WhiteElo "2253"]
[BlackElo "1851"]
[PlyCount "75"]
[EventDate "2018.07.06"]

1. e4 c5 2. Nf3 e6 3. d4 cxd4 4. Nxd4 Nc6 5. Nc3 Bb4 6. Ndb5 a6 7. Nd6+ Bxd6 8.
Qxd6 Qe7 9. Qg3 Qf6 10. Be3 Nge7 11. O-O-O O-O 12. h4 h5 13. Be2 Qg6 14. Qxg6
fxg6 15. Na4 d5 16. Nb6 Rb8 17. exd5 exd5 18. Nxd5 Nxd5 19. Rxd5 Be6 20. Rd6
Bf5 21. Bxa6 Rfc8 22. Bc4+ Kh7 23. Be6 Bxe6 24. Rxe6 Nb4 25. c3 Nxa2+ 26. Kb1
Nxc3+ 27. bxc3 Rxc3 28. Rb6 Rc6 29. Rxc6 bxc6+ 30. Kc2 Kg8 31. Ra1 Rb7 32. Ra7
Rb4 33. g3 Re4 34. Kd3 Re6 35. Bd4 Rd6 36. Kc4 Re6 37. Rxg7+ Kf8 38. Rc7 1-0

[Event "Paracin 2018"]
[Site "Paracin, Hotel Petrus"]
[Date "2018.07.06"]
[Round "1.74"]
[White "Ayan, Bengu Sena"]
[Black "Ivic, Matija"]
[Result "1-0"]
[WhiteElo "1787"]
[BlackElo "2245"]
[PlyCount "57"]
[EventDate "2018.07.06"]

1. d4 Nf6 2. c4 e6 3. Nc3 Bb4 4. e3 O-O 5. Nge2 c6 6. a3 Ba5 7. Bd2 d5 8. cxd5
exd5 9. g3 Bf5 10. Bg2 Re8 11. O-O Nbd7 12. b4 Bc7 13. Na4 b5 14. Nc5 Nb6 15.
Nc3 Nc4 16. Re1 Nd7 17. Na6 Ndb6 18. Nxc7 Qxc7 19. e4 Nxd2 20. Qxd2 dxe4 21.
Nxe4 Nc4 22. Qg5 Bg6 23. Qc5 Red8 24. Nc3 Rac8 25. Bh3 Rb8 26. d5 Ne5 27. Re3
Nd3 28. Qxc6 Qd6 29. Re8+ 1-0